Hodnotenie vybranej investičnej príležitosti do podniku vo vybranom odvetví diplomová práca

Enregistré dans:
Détails bibliographiques
Auteur principal: Kardošová, Bibiána
Collectivité auteur: Fakulta podnikového manažmentu EU. Katedra podnikových financií
Autres auteurs: Polednáková, Anna, 1957-
Format: Livre
Langue:slovaque
Publié: Bratislava 2024
Tags: Ajouter un tag
Pas de tags, Soyez le premier à ajouter un tag!

MARC

LEADER 00000nbm a2200000 4500
001 0301039
005 20250224113913.9
041 0 |a slo 
044 |a SK 
245 1 0 |a Hodnotenie vybranej investičnej príležitosti do podniku vo vybranom odvetví  |b diplomová práca  |c Bibiána Kardošová ; školiteľ: Anna Polednáková 
264 1 |a Bratislava  |c 2024 
300 |a 74 s. 
100 1 |a Kardošová, Bibiána 
700 1 |a Polednáková, Anna, 1957- 
710 2 |a Fakulta podnikového manažmentu EU. Katedra podnikových financií